| 000 -LEADER |
| fixed length control field |
02365cam a22003257a 4500 |
| 001 - CONTROL NUMBER |
| control field |
15787914 |
| 005 - DATE AND TIME OF LATEST TRANSACTION |
| control field |
20190417020035.0 |
| 008 - FIXED-LENGTH DATA ELEMENTS--GENERAL INFORMATION |
| fixed length control field |
090623s2010 caua b 001 0 eng d |
| 010 ## - LIBRARY OF CONGRESS CONTROL NUMBER |
| LC control number |
2009931258 |
| 020 ## - INTERNATIONAL STANDARD BOOK NUMBER |
| International Standard Book Number |
9780495808909 |
| 020 ## - INTERNATIONAL STANDARD BOOK NUMBER |
| International Standard Book Number |
0495808903 |
| 035 ## - SYSTEM CONTROL NUMBER |
| System control number |
(OCoLC)ocn317927839 |
| 040 ## - CATALOGING SOURCE |
| Original cataloging agency |
BTCTA |
| Transcribing agency |
BTCTA |
| Modifying agency |
NUI |
| -- |
UBY |
| -- |
YDXCP |
| -- |
DEBSZ |
| -- |
DLC |
| 042 ## - AUTHENTICATION CODE |
| Authentication code |
lccopycat |
| 050 00 - LIBRARY OF CONGRESS CALL NUMBER |
| Classification number |
QA276.12 |
| Item number |
.J325 2010 |
| 082 00 - DEWEY DECIMAL CLASSIFICATION NUMBER |
| Classification number |
519.5 |
| Edition number |
23 |
| 100 1# - MAIN ENTRY--PERSONAL NAME |
| Personal name |
Jackson, Sherri L., |
| Dates associated with a name |
1962- |
| 245 10 - TITLE STATEMENT |
| Title |
Statistics : |
| Remainder of title |
plain and simple / |
| Statement of responsibility, etc. |
Sherri, Jackson L. |
| 250 ## - EDITION STATEMENT |
| Edition statement |
2nd ed. |
| 260 ## - PUBLICATION, DISTRIBUTION, ETC. (IMPRINT) |
| Place of publication, distribution, etc. |
Belmont, CA : |
| Name of publisher, distributor, etc. |
Wadsworth/Cengage Learning, |
| Date of publication, distribution, etc. |
c2010. |
| 300 ## - PHYSICAL DESCRIPTION |
| Extent |
xxi, 372 p. : |
| Other physical details |
ill. ; |
| Dimensions |
24 cm. |
| 504 ## - BIBLIOGRAPHY, ETC. NOTE |
| Bibliography, etc |
Includes bibliographical references (p. 361) and index. |
| 505 0# - FORMATTED CONTENTS NOTE |
| Formatted contents note |
Science and statistics -- Variables and measurement -- Organizing data -- Measures of central tendency -- Measures of variation -- Standard scores (z scores) -- Probability -- Hypothesis testing and inferential statistics -- The single-sample z test -- The single-sample t test -- The t test for independent groups (samples) -- T test for correlated groups (samples) -- Comparing more than two groups -- One-way randomized analysis of variance (ANOVA) -- One-way repeated measures ANOVA -- Using designs with more than one independent variable -- Two-way randomized ANOVA -- Correlational research -- Correlation coefficients -- Advanced correlational techniques: regression analysis -- Chi-square tests -- Wilcoxon tests. |
| 520 ## - SUMMARY, ETC. |
| Summary, etc. |
"Ideal for behavioral sciences majors who need to grasp basic concepts quickly, Jackson's text is designed to quickly build students' confidence in understanding, calculating, and interpreting statistics. It instills a strong awareness of the interaction between statistical methods and research methods. It also provides a solid working knowledge of basic statistical cautions in research design, a strong understanding of the concept of significance, and the critical thinking skills necessary to apply these ideas."--Publisher's description. |
| 650 #0 - SUBJECT ADDED ENTRY--TOPICAL TERM |
| Topical term or geographic name as entry element |
Statistics. |
| 856 4# - ELECTRONIC LOCATION AND ACCESS |
| Contact for access assistance |
DE-576;DE-291 |
| Electronic format type |
application/pdf |
| Uniform Resource Identifier |
<a href="http://swbplus.bsz-bw.de/bsz315079495inh.htm">http://swbplus.bsz-bw.de/bsz315079495inh.htm</a> |
| Hours access method available |
20100121153437 |
| Materials specified |
Inhaltsverzeichnis |
| 906 ## - LOCAL DATA ELEMENT F, LDF (RLIN) |
| a |
7 |
| b |
cbc |
| c |
copycat |
| d |
2 |
| e |
ncip |
| f |
20 |
| g |
y-gencatlg |
| 942 ## - ADDED ENTRY ELEMENTS (KOHA) |
| Source of classification or shelving scheme |
|
| Koha item type |
Hard Covered Materials |
| Koha issues (borrowed), all copies |
8 |